Statystyki dla 7 Najpopularniejszych Domowych zwierząt

Kliknij tutaj aby rozwiązać quiz!

Ogólne statystyki

  • Ten quiz został rozwiązany 70 razy
  • Średni wynik to 5 z 7

Statystyki odpowiedzi

MiejsceZwierzę% Poprawnych
2Kot
100%
1Pies
100%
3Chomik
92%
4ryba
54%
5szczur
48%
7żółw
43%
6ptak
33%

Rozkład punktacji

Percentyl według liczby udzielonych odpowiedzi

Procent ludzi z każdym wynikiem

Twoja historia wyników

Nie rozwiązałeś tego quizu